| 000 | 00368nam a22001457a 4500 | ||
|---|---|---|---|
| 008 | 150901b xxu||||| |||| 00| 0 eng d | ||
| 020 | _a81-7008-0710-1 | ||
| 082 | _a620.1 BAN | ||
| 100 |
_96354 _aBansal, R. K. |
||
| 245 |
_aEngineeering Mechanics _cR. K. Bansal |
||
| 260 | _c2001 | ||
| 300 | _a743p. | ||
| 650 |
_96359 _bMechanical Engineering _xME |
||
| 942 |
_2ddc _cBK |
||
| 999 |
_c64970 _d64970 |
||